The Awakening and Selected Stories

Bewaard in:
Bibliografische gegevens
Hoofdauteur: Chopin, Kate
Formaat: Boek
Taal:Undetermined
Gepubliceerd in: New York, Estados Unidos The modern library 1981
Onderwerpen:
Tags: Voeg label toe
Geen labels, Wees de eerste die dit record labelt!

MARC

LEADER 00000nam a2200000Ia 4500
008 170316s9999 xx 000 0 und d
090 |a 810 CH-3a 
100 |a Chopin, Kate 
245 4 |a The Awakening and Selected Stories 
260 |a New York, Estados Unidos 
260 |b The modern library 
260 |c 1981 
300 |a 354 páginas 
650 |a LITERATURA ESTADOUNIDENSE 
999 |c 20936  |d 20936 
040 |a cru BVZT 
942 |c 15 D  |h 810 CH-3a  |2 z